Eξέλιξη συστήματος διαχείρισης στερεών αποβλήτων στο δήμο Κατερίνης : διατριβή

Saved in:
Bibliographic Details
Main Author: Καλπακίδης, Φώτιος
Corporate Author: Πανεπιστήμιο Αιγαίου Σχολή Περιβάλλοντος Τμήμα Περιβάλλοντος Πρόγραμμα Μεταπτυχιακών Σπουδών Περιβαλλοντική Πολιτική και Διαχείριση
Format: Thesis Book
Language:Greek
Published: 2008
Subjects:
Online Access:http://hdl.handle.net/11610/15163
Tags: Add Tag
No Tags, Be the first to tag this record!

MARC

LEADER 00000cam a2200000 i 4500
001 1/104086
008 090410s2008 gre d
035 |l 10104291 
040 |a GR-MY-UA  |b gre  |e aacr 
041 0 |a gre 
082 0 |a 628.44  |2 (22) 
100 1 |a Καλπακίδης, Φώτιος. 
245 1 0 |a Eξέλιξη συστήματος διαχείρισης στερεών αποβλήτων στο δήμο Κατερίνης :  |b διατριβή /  |c Καλπακίδης Κ. Φώτιος 
260 |c 2008 
300 |a 85 σ.;  |b πιν., διαγρ.;  |c 30 εκ. 
502 |a Διατριβή (μεταπτυχιακή) – Πανεπιστήμιο Αιγαίου, Λέσβος, 2008. 
504 |a Βιβλιογραφία: σ. 67-68 
650 0 0 |a Integrated solid waste management  |z Greece  |z Katerini. 
650 0 0 |a Recycling (Waste, etc.)  |z Greece  |z Katerini. 
650 0 0 |a Refuse and refuse disposal  |z Greece  |z Katerini. 
650 0 0 |a Dissertations, Academic  |z Greece. 
710 2 |a Πανεπιστήμιο Αιγαίου  |b Σχολή Περιβάλλοντος  |b Τμήμα Περιβάλλοντος  |b Πρόγραμμα Μεταπτυχιακών Σπουδών Περιβαλλοντική Πολιτική και Διαχείριση. 
852 |a INST  |b LESVOS  |c DIATR  |e 20090410  |h 525  |p 005100045367  |q 005100045367  |t MTXE  |y 23 
852 |a INST  |b LESVOS  |c DIATR  |e 20090410  |h 526  |p 005100045368  |q 005100045368  |t MTXE  |y 23 
856 |u http://hdl.handle.net/11610/15163 
901 |a BIBL1-2009-1 
909 |a Λ  |b 130309 
909 |a Λ  |b 130308 
924 |a ΚΑΛΠΑΚΙΔΗΣ  |b ΦΩΤΙΟΣ  |y ΛΕΣΒΟΣ  |z 2008-08 
970 |a ΤΖΑΦΕΡΗ  |b ΕΥΑΓΓΕΛΙΑ  |z 2009/04/10